000 00406nam a2200157Ia 4500
008 241127s9999||||xx |||||||||||||| ||und||
020 _a9780826105219
_c119119
040 _beng
_cSSK Library
_erda
082 _a616.028/BUE
100 _a Jennifer R. Buettner -
245 0 _aFast Facts For The Er Nurse
260 _b Springer
_c©2010
942 _22ddc
_cBOOK
_nNo
999 _c11650
_d11650
003 OSt
005 20241127152856.0